les différents de type de climat dans le monde - Statistiques

Statistiques générales
  • Ce quiz a été pris 132 fois
  • Le résultat moyen est 4 sur 12
Statistiques - réponses
Classe code Type de Climat % Correct
C: Tempéré Csa, Csb, Csc Méditerranéen
72%
C: Tempéré Cfb, Cwb, Cfc, Cwc Océanique
67%
A: Tropical Af Equatorial
52%
B: Sec BWh, BWk, BWn Désertique
49%
E : Polaire ET Toundra
35%
A: Tropical Am Mousson
21%
A: Tropical Aw, As Savane
21%
B: Sec BSh, BSk, BSn Semi-Aride
19%
D: Continental Dfa, Dwa, Dfb, Dwb, Dsa, Dsb Continental humide
10%
D: Continental Dfc, Dwc, Dfd, Dwd, Dsc, Dsd Subarctique
9%
C: Tempéré Cfa, Cwa Subtropical humide
6%
E : Polaire EF Inlandsis ou calotte glaciaire
2%
Aucun quiz correspondant
Distribution des résultats
% des personnes avec chaque résultat
Percentile par nombre de réponses
Votre historique - résultats
Vous n’avez pas pris ce quiz